00692nam a2200241 a 4500001001300000003000900013005001700022008004100039020002300080082001600103100001600119245003100135260002800166300000900194500003500203505001000238650002500248700001600273902000800289942000700297952012900304999001700433nice12345678IN_TiNIC20260116014217.0050524s2004 dela grp 000 0 eng  a8178296 c34000a001.42bOPI aOpie, Clive aDoing Educational Research aDelhi bSage Pub c2004 a244p aincludes index and biblioraphy2 aNotes aResearch Methodology1 aOpie, Clive bSRS cBK 001040708StackRoom-aHMIbHMId2010-07-29g340.00l3o001.42 OPIp020893r2019-12-06s2019-11-11v340.00w2005-05-24yBK c14339d14339